Fundamentos de marketing / (Registro nro. 5452)

Detalles MARC
000 -CABECERA
Longitud fija campo de control 00858nam a2200277 a 4500
003 - • IDENTIFICADOR DELl NÚMERO DE CONTROL
Identificador del número de control CO-ViMGA
008 - • CÓDIGOS DE INFORMACIÓN DE LONGITUD FIJA
Códigos de información de longitud fija 141112s2004 ck r 000 u spa d
020 ## - • NÚMERO INTERNACIONAL NORMALIZADO PARA LIBROS
Número Internacional Normalizado para Libros (ISBN) 9786074422870
040 ## - FUENTE DE LA CATALOGACIÓN
Centro catalogador de origen CO-ViMGA
Lengua de catalogación spa
Centro transcriptor CO-ViMGA
041 ## - • CÓDIGO DE LENGUA
Código de lengua del texto/banda sonora o título independiente SPA
082 04 - • NÚMERO DE LA CLASIFICACIÓN DECIMAL DEWEY
Número de clasificación (R) 658.8007 H27f
100 1# - • PUNTO DE ACCESO PRINCIPAL-NOMBRE DE PERSONA
Nombre de persona Hernández Garnica, Clotilde
245 10 - • TITULO PROPIAMENTE DICHO
Título Fundamentos de marketing /
Mención de responsabilidad, etc. Clotilde Hernández Garnica, Claudio Alfonso Maubert Viveros
250 ## - • MENCIÓN DE EDICIÓN
Mención de edición 1a ed.
300 ## - • DESCRIPCIÓN FÍSICA
Extensión 490 p. : il., fotos
490 ## - • MENCIÓN DE SERIE
Mención de serie Educación
500 ## - • NOTA GENERAL
Nota general Incluye índice analítico.
650 14 - • PUNTO DE ACCESO ADICIONAL DE MATERIA - TÉRMINO DE MATERIA
Término de materia o nombre geográfico como elemento inicial ADMINISTRACION DE MERCADEO
650 14 - • PUNTO DE ACCESO ADICIONAL DE MATERIA - TÉRMINO DE MATERIA
Término de materia o nombre geográfico como elemento inicial ANALISIS DE MERCADEO
650 14 - • PUNTO DE ACCESO ADICIONAL DE MATERIA - TÉRMINO DE MATERIA
Término de materia o nombre geográfico como elemento inicial MERCADEO
650 14 - • PUNTO DE ACCESO ADICIONAL DE MATERIA - TÉRMINO DE MATERIA
Término de materia o nombre geográfico como elemento inicial PLANIFICACION DE MERCADEO
700 1# - • PUNTO DE ACCESO ADICIONAL - NOMBRE DE PERSONA
Nombre de persona Maubert Viveros, Claudio Alfonso
942 ## - ENTRADA DE ELEMENTOS AGREGADOS (KOHA)
Fuente de clasificaión o esquema Dewey Decimal Classification
Koha [por defecto] tipo de item LIbro
Existencias
Perdido Fuente de clasificación o esquema Estado Físico No para préstamo Forma de adquisición Localización permanente Localización actual Localización en estanterías Fecha adquisición Préstamos totales Signatura completa Código de barras Fecha última consulta Número de copia Fecha del precio de reemplazo Tipo de item de Koha Serie de enumeración / cronolog&íacute;a Fecha último préstamo Note pública
  Dewey Decimal Classification     Colección General Biblioteca Pública Cubarral Biblioteca Pública Cubarral General 08/11/2023   658.8007 H27f CUB02799 08/11/2023 Ej.1 08/11/2023 LIbro      
  Dewey Decimal Classification     Colección General Biblioteca Pública Cumaral - Alvaro Garzon Torres Biblioteca Pública Cumaral - Alvaro Garzon Torres Literatura 06/18/2024   658.8007H27f CUM0581 06/18/2024 Ej.1 06/18/2024 LIbro      
  Dewey Decimal Classification     Colección General Biblioteca Pública Dorado Biblioteca Pública Dorado General 01/10/2023   658.8007 H27f DOR00651 01/10/2023 Ej.1 01/10/2023 LIbro      
  Dewey Decimal Classification     Colección General Biblioteca Pública Fuentedeoro - Henry Llanos García Biblioteca Pública Fuentedeoro - Henry Llanos García General 05/23/2023   658.8007 H27f Fo0000810 05/23/2023 Ej.1 05/23/2023 LIbro      
  Dewey Decimal Classification     Colección General Biblioteca Pública José Eustasio Rivera - San Martin Biblioteca Pública José Eustasio Rivera - San Martin General 08/14/2023   658.8007 H27f SM001618 08/14/2023 Ej.1 08/14/2023 LIbro      
  Dewey Decimal Classification     Colección General Biblioteca Pública Lejanias Biblioteca Pública Lejanias General 09/04/2023   658.83 A75f LEJ00717 09/04/2023 Ej.1 09/04/2023 LIbro      
  Dewey Decimal Classification     Colección General Biblioteca Pública Puerto Lleras Biblioteca Pública Puerto Lleras General 06/16/2023   658.8007 H27f PLL00699 06/16/2023 Ej.1 06/16/2023 LIbro      
  Dewey Decimal Classification     Colección General Biblioteca Pública Puerto López - Jorge Eliecer Gaitán Biblioteca Pública Puerto López - Jorge Eliecer Gaitán General 07/22/2025   658.8007 H27f PLZ02510 07/22/2025 Ej.1 07/22/2025 LIbro      
        Sala General Biblioteca Pública Departamental Eduardo Carranza - Villavicencio Biblioteca Pública Departamental Eduardo Carranza - Villavicencio General 01/20/2015   658.8007 H27f ECA23592 11/26/2024 Ej.1 11/26/2024 LIbro     17559 | 22501
  Dewey Decimal Classification     Sala Especializada Tercer Piso Biblioteca Pública Germán Arciniegas - Villavicencio Biblioteca Pública Germán Arciniegas - Villavicencio   12/04/2015 1 658.8007 H27f 26749 07/26/2018 Ej. 1 12/04/2015 LIbro 10/jul/2014 07/19/2018  
  Dewey Decimal Classification     Colección General Biblioteca Pública Guamal Biblioteca Pública Guamal General 03/24/2023   658.83 A75f GUA002717 03/24/2023 Ej.1 03/24/2023 LIbro      
  Dewey Decimal Classification     Colección General Biblioteca Pública La Macarena Biblioteca Pública La Macarena General 07/18/2023   658.8007 h27f LM00285 07/18/2023 Ej.1 07/18/2023 LIbro      
  Dewey Decimal Classification     Colección General Biblioteca Pública Mapiripan Biblioteca Pública Mapiripan General 01/05/2024   658.8007H27f MAP0000815 01/05/2024 Ej.1 01/05/2024 LIbro      
  Clasificación Local Facetada     Colección General Biblioteca Pública Puerto Concordia Biblioteca Pública Puerto Concordia General 02/20/2026   658.8007 H27f PCON02186 02/20/2026 Ej.1 02/20/2026 LIbro      
  Dewey Decimal Classification     Colección General Biblioteca Pública Puerto Rico Biblioteca Pública Puerto Rico General 01/31/2023   658.8007 H27f PR00000669 01/31/2023 Ej.1 01/31/2023 LIbro      
  Dewey Decimal Classification     Colección General Biblioteca Pública Uribe - Reinerio Arenas Biblioteca Pública Uribe - Reinerio Arenas General 08/09/2024   658.8007 H27f URI00859 08/09/2024 Ej.1 08/09/2024 LIbro      
  Dewey Decimal Classification     Colección General Biblioteca Pública Vistahermosa Biblioteca Pública Vistahermosa General 10/09/2023   658.8007 H27f VIS00854 10/09/2023 Ej.1 10/09/2023 LIbro      









Instituto Departamental de Cultura del Meta - Red Departamental de Bibliotecas Públicas del Meta.